| 000 | 00890nam a22001577a 4500 | ||
|---|---|---|---|
| 003 | OSt | ||
| 005 | 20151008110351.0 | ||
| 008 | 151008b xxu||||| |||| 00| 0 eng d | ||
| 040 | _cRUA | ||
| 082 | _aAVM MEA 2007 B079 Or.1 | ||
| 100 |
_92350 _aMEAS, SOKHENG. |
||
| 245 | _athe effect of using dry wild taro leaves replace soy bean on performance of broiler chicken in royal university of agriculture (ប្រសិទ្ធភាពនៃការប្រើប្រស់ស្លឹកត្រាវព្រៃក្រៀមជំនួសសណ្ថែកសៀងលើការលូតលាស់របស់មាន់សាច់នៅស្ថានីយ៍ចិញ្ចឹមសត្វនៃសាកលវីទ្យាល័យភូមិន្ទកសិកម្ម) | ||
| 260 |
_aPhnom Penh _bRUA _c2007 |
||
| 300 |
_aiv, 37p. _bill. _c29cm. |
||
| 942 |
_2ddc _cAVM |
||
| 999 |
_c2214 _d2214 |
||